Κατάλογος Βιβλιοθηκών Mediterranean College

Bully Prevention / Tips and Strategies for School Leaders and Classroom Teachers (Record no. 2943)

MARC details
000 -LEADER
fixed length control field 01106cam a22002054a 4500
005 - ΗΜΕΡΟΜΗΝΙΑ ΚΑΙ ΩΡΑ ΤΕΛΕΥΤΑΙΑΣ ΕΝΗΜΕΡΩΣΗΣ
Πεδίο ελέγχου 20250605164058.0
008 - FIXED-LENGTH DATA ELEMENTS--GENERAL INFORMATION
Πεδίο ελέγχου σταθερού μήκους 250528s ||||||||||||||||||||||||d
035 ## - SYSTEM CONTROL NUMBER
System control number 17535
020 ## - ISBN
ISBN 1412939186
040 ## - ΠΗΓΗ ΚΑΤΑΛΟΓΟΓΡΑΦΗΣΗΣ
Φορέας πρωτότυπης καταλογογράφησης MC Athens Campus Library
Γλώσσα καταλογογράφησης Ελληνικά, Μοντέρνα (1453-)
Modifying agency MC Athens Campus Library
Κανόνες περιγραφικής καταλογογράφησης AACR2
245 1# - ΤΙΤΛΟΣ ΚΑΙ ΔΗΛΩΣΗ ΥΠΕΥΘΥΝΟΤΗΤΑΣ
Τίτλος Bully Prevention / Tips and Strategies for School Leaders and Classroom Teachers
250 ## - EDITION STATEMENT
Edition statement 2nd
260 ## - PUBLICATION, DISTRIBUTION, ETC.
Name of publisher, distributor, etc. Corwin Press,
Date of publication, distribution, etc. 2006
300 ## - PHYSICAL DESCRIPTION
Extent 130
520 ## - SUMMARY, ETC.
Summary, etc. This book addresses the growing concern of bullying and violence by offering updated strategies for developing social skills, resolving conflicts, and intervening in bullying situations. Preface, Publisher's Acknowledgements, The Bully and Victim and Witness Relationship Defined, Origins of Bully-Victim-Witness Behavior, Implementing the Schoolwide Anti-Bullying Program, Strategies for Managing and Preventing Bullying Behavior in the Classroom, Strategies for Intervention, Evaluating Anti-Bullying Initiatives, Legislation Regarding Bullying Behavior, References, Index.
700 1# - ΠΡΟΣΘΕΤΗ ΑΝΑΓΡΑΦΗ--ΦΥΣΙΚΟ ΠΡΟΣΩΠΟ
Personal name Barton Elizabeth A.
9 (RLIN) 3681
942 ## - ADDED ENTRY ELEMENTS (KOHA)
Koha item type Books
Holdings
Τύπος τεκμηρίου Βιβλιοθήκη Τρέχουσα τοποθεσία Barcode Αριθμός εισαγωγής Ημερομηνία απόκτησης Ταξιθετικό σύμβολο Αριθμός αντιτύπου Κατάσταση απόσυρσης Κατάσταση χαμένου Κατάσταση κατεστραμμένου Μη δανεισμός Σύνολο δανεισμών Ημερομηνία τελευταίας εμφάνισης Η τιμή ισχύει από
Books MC Athens Campus Library MC Athens Campus Library 9780000029423 5842 05/06/2025 371.5/8 BAR 1           05/06/2025 05/06/2025

MC Athens Campus Library
Πατησίων 94 & Κοδριγκτώνος 13, 104 34
Πελλήνης 8 & Πατησίων 107, 112 51
Τ: +30 210 8899600

MC Thessaloniki Campus Library
Ίωνος Δραγούμη 21, 54625 | Ίωνος Δραγούμη 15, 54625
Τ: +30 2310 287779 – Τ: +30 2314 440300